|
|
|
|
| LEADER |
00000nam0a2200000 4500 |
| 001 |
372464 |
| 005 |
20231102012459.0 |
| 035 |
|
|
|a (RuTPU)RU\TPU\retro\29887
|
| 035 |
|
|
|a RU\TPU\book\220960
|
| 090 |
|
|
|a 372464
|
| 100 |
|
|
|a 20221215d1972 k y0rusy50 ca
|
| 101 |
0 |
|
|a rus
|
| 102 |
|
|
|a RU
|
| 105 |
|
|
|a a z 001zy
|
| 200 |
1 |
|
|a Идентификация импульсов от детекторов излучений
|f А. А. Курашов
|
| 210 |
|
|
|a Москва
|c Атомиздат
|d 1972
|
| 215 |
|
|
|a 232 с.
|c ил.
|
| 320 |
|
|
|a Библиогр.: с. 212-227.
|
| 606 |
1 |
|
|a Детекторы ионизирующих излучений
|2 stltpush
|3 (RuTPU)RU\TPU\subj\9341
|9 36602
|
| 610 |
1 |
|
|a детекторы
|
| 610 |
1 |
|
|a ионизирующие излучения
|
| 610 |
1 |
|
|a результаты
|
| 610 |
1 |
|
|a обработка
|
| 610 |
1 |
|
|a импульсы
|
| 610 |
1 |
|
|a частицы
|
| 610 |
1 |
|
|a сигналы
|
| 610 |
1 |
|
|a идентификация
|
| 610 |
1 |
|
|a радиоэлектронное оборудование
|
| 675 |
|
|
|a 539.1.074.5
|v 3
|
| 700 |
|
1 |
|a Курашов
|b А. А.
|g Анатолий Александрович
|
| 801 |
|
1 |
|a RU
|b 63413507
|c 20111020
|
| 801 |
|
2 |
|a RU
|b 63413507
|c 20221215
|g RCR
|
| 942 |
|
|
|c BK
|